00670nam a2200205 a 4500008004100000020002200041100001800063245010000081260004500181300004000226500002000266650004000286650004000326650002500366650002600391700002000417003000100437005001700438040000900455  a0669072397 (pbk.)1 aDale, Nell B.10aPascal plus data structures, algorithms, and advanced programming /cNell Dale, Susan C. Lilly. aLexington, Mass. :bD. C. Heath,cc1985. axix, 490 [143] p. :bill. ;c24 cm. aIncludes index. 0aPascal (Computer program language). 0aData structures (Computer science). 0aComputer algorithms. 0aComputer programming.1 aLilly, Susan C.20230123133425.0 cNUST